[Event "Liga Madrid 2009-2010 Division de Honor"]
[Site "Madrid ESP"]
[Date "2009.11.29"]
[Round "2.12"]
[White "Hernandez Gallardo, Francisco Javier"]
[Black "Rubio Mejia, Luis Ignacio"]
[Result "1-0"]
[WhiteElo "2360"]
[BlackElo "2350"]
[PlyCount "95"]
[EventDate "2009.11.22"]
[EventType "team"]
[EventRounds "14"]
[EventCountry "ESP"]
[Source "lmi"]
[SourceDate "2009.11.22"]

1. e4 c5 2. Nf3 d6 3. d4 cxd4 4. Nxd4 Nf6 5. Nc3 a6 6. f4 e5 7. Nf3 Nbd7 8. Bd3
Be7 9. a4 O-O 10. O-O exf4 11. Bxf4 Nc5 12. Kh1 Bg4 13. Qd2 Rc8 14. h3 Bxf3 15.
Rxf3 b5 16. axb5 axb5 17. Bxb5 Ncxe4 18. Nxe4 Nxe4 19. Qe2 Ng5 20. Rd3 Ne6 21.
Bg3 Qb6 22. c4 Rfd8 23. Rad1 Bf8 24. Rf1 Rb8 25. Qf3 Qc7 26. b4 Qe7 27. Rfd1
Rb6 28. Be1 Qc7 29. Ra1 Qb8 30. Bc6 Ng5 31. Qd5 Ne6 32. b5 Nf4 33. Qf3 Nxd3 34.
Qxd3 d5 35. cxd5 Qf4 36. Bg3 Qg5 37. d6 Qf6 38. Rd1 Rbb8 39. d7 Be7 40. Re1 h6
41. Be5 Qh4 42. Re4 Qg5 43. Qe2 Kf8 44. Kh2 f5 45. Bf4 Qf6 46. Re6 Qf7 47. Bc7
g5 48. Qe5 1-0

[Event "Liga Madrid 2009-2010 Division de Honor"]
[Site "Madrid ESP"]
[Date "2009.11.29"]
[Round "2.13"]
[White "Rabadan Velasco, Raul"]
[Black "Solaesa Navalpotro, Luis Julio"]
[Result "1/2-1/2"]
[WhiteElo "2334"]
[BlackElo "2224"]
[PlyCount "95"]
[EventDate "2009.11.22"]
[EventType "team"]
[EventRounds "14"]
[EventCountry "ESP"]
[Source "lmi"]
[SourceDate "2009.11.22"]

1. e4 e5 2. Nf3 Nc6 3. Bb5 a6 4. Ba4 b5 5. Bb3 Na5 6. Nxe5 Nxb3 7. axb3 Qg5 8.
Nf3 Qxg2 9. Rg1 Qh3 10. Nc3 Bb7 11. d3 Nf6 12. Qe2 d6 13. Be3 g6 14. Bd4 Be7
15. O-O-O O-O 16. Rg3 Qd7 17. Qd2 c5 18. Bxf6 Bxf6 19. Qf4 Bg7 20. h4 h5 21.
Rdg1 a5 22. Qg5 a4 23. Nd5 Bxd5 24. Qxd5 Kh8 25. Kd2 axb3 26. Qxb3 c4 27. dxc4
bxc4 28. Qxc4 Rac8 29. Qd3 Bxb2 30. Rg5 Bc3+ 31. Ke2 Bf6 32. Rd5 Qa4 33. Rxd6
Rxc2+ 34. Kf1 Be7 35. Ra6 Qc4 36. Qxc4 Rxc4 37. e5 Rf4 38. Ke2 Bxh4 39. Ke3 Rb4
40. e6 Re8 41. Ne5 Rxe6 42. Rxe6 fxe6 43. Nxg6+ Kh7 44. Nf8+ Kh8 45. Ng6+ Kh7
46. Nf8+ Kh8 47. Ng6+ Kh7 48. Nf8+ 1/2-1/2

[Event "Liga Madrid 2009-2010 Division de Honor"]
[Site "Madrid ESP"]
[Date "2009.11.29"]
[Round "2.14"]
[White "Fraga Castro, Jose Carlos"]
[Black "Perez De Aranda Alonso, Leonardo"]
[Result "0-1"]
[WhiteElo "2220"]
[BlackElo "2216"]
[PlyCount "106"]
[EventDate "2009.11.22"]
[EventType "team"]
[EventRounds "14"]
[EventCountry "ESP"]
[Source "lmi"]
[SourceDate "2009.11.22"]

1. e4 c5 2. Nc3 Nc6 3. Nf3 e5 4. Bc4 d6 5. d3 Be7 6. Nd2 Nf6 7. Nf1 O-O 8. Ne3
Nd4 9. O-O Rb8 10. a4 a6 11. Ncd5 b5 12. axb5 axb5 13. Ba2 Nxd5 14. Nxd5 Be6
15. c3 Nc6 16. f4 exf4 17. Bxf4 Ne5 18. d4 cxd4 19. Qxd4 Bxd5 20. Bxd5 Bf6 21.
Qd2 Nc4 22. Qe2 Be5 23. Bc1 Nb6 24. Bb3 Ra8 25. Rxa8 Nxa8 26. g3 Nc7 27. Be3
Qd7 28. Kg2 Ne6 29. Ra1 Nc5 30. Bd5 Na4 31. Ra2 Rb8 32. Qf2 Rc8 33. h3 h6 34.
Ra1 Qe7 35. Qf5 Rf8 36. Ra2 Qc7 37. Qg4 Kh8 38. Qe2 Qd7 39. Ra1 Rb8 40. Rf1 f6
41. Qd2 Kh7 42. Bf4 Qc7 43. h4 Qc5 44. Be3 Qc8 45. Qe2 b4 46. cxb4 Rxb4 47. Rc1
Qe8 48. b3 Nc3 49. Qd3 Nxd5 50. exd5+ Qg6 51. Rd1 f5 52. Bf2 Rxh4 53. Rh1 Rg4
0-1

[Event "Liga Madrid 2009-2010 Division de Honor"]
[Site "Madrid ESP"]
[Date "2009.11.29"]
[Round "2.15"]
[White "Rodriguez De Castro, Ayar"]
[Black "Ramirez Garcia, Jorge Alberto"]
[Result "1/2-1/2"]
[WhiteElo "2113"]
[BlackElo "2175"]
[PlyCount "101"]
[EventDate "2009.11.22"]
[EventType "team"]
[EventRounds "14"]
[EventCountry "ESP"]
[Source "lmi"]
[SourceDate "2009.11.22"]

1. d4 Nf6 2. c4 e6 3. g3 d5 4. Bg2 Be7 5. Nf3 O-O 6. O-O dxc4 7. Ne5 Nc6 8.
Nxc6 bxc6 9. Na3 Bxa3 10. bxa3 Rb8 11. Qa4 Qxd4 12. Be3 Qg4 13. Bf3 Qh3 14.
Qxc4 a5 15. Rab1 Bd7 16. Rbd1 Rb5 17. Rd4 Qf5 18. Rf4 Qg6 19. Rd1 Rb1 20. Rxb1
Qxb1+ 21. Kg2 e5 22. Rh4 Be6 23. Qxc6 e4 24. Bxe4 Nxe4 25. Rxe4 Qxa2 26. Rd4
Qxa3 27. Qxc7 h6 28. Rd8 Rxd8 29. Qxd8+ Kh7 30. Qd3+ Qxd3 31. exd3 Kg6 32. Bc5
Kf5 33. Kf3 g6 34. Bf8 h5 35. h4 f6 36. Ke3 g5 37. Be7 a4 38. d4 Bd5 39. Bd6
Kg4 40. Be7 gxh4 41. gxh4 Kxh4 42. Bxf6+ Kg4 43. Kd3 a3 44. Kc3 Kf3 45. Bh4 Ke2
46. Bg3 Kd1 47. Bd6 a2 48. Kb2 h4 49. f4 Be4 50. f5 Bxf5 51. Kxa2 1/2-1/2

[Event "Liga Madrid 2009-2010 Division de Honor"]
[Site "Madrid ESP"]
[Date "2009.11.29"]
[Round "2.16"]
[White "Mansilla Tolosa, Luis"]
[Black "Vazquez Torres, Adrian"]
[Result "0-1"]
[WhiteElo "2099"]
[BlackElo "2144"]
[PlyCount "80"]
[EventDate "2009.11.22"]
[EventType "team"]
[EventRounds "14"]
[EventCountry "ESP"]
[Source "lmi"]
[SourceDate "2009.11.22"]

1. d4 d5 2. c4 e6 3. Nf3 Nf6 4. g3 Be7 5. Bg2 Nbd7 6. O-O O-O 7. Nbd2 c6 8. b3
b6 9. Bb2 Bb7 10. Rc1 Rc8 11. Ne5 Nxe5 12. dxe5 Nd7 13. e4 Nc5 14. exd5 cxd5
15. Qe2 Rc7 16. cxd5 Bxd5 17. Ne4 Nxe4 18. Bxe4 Bxe4 19. Qxe4 Rd7 20. Rc2 Rd5
21. h4 a5 22. Rfc1 Bc5 23. a3 Rd2 24. Rf1 Qd3 25. Qxd3 Rxd3 26. Rc3 Rxc3 27.
Bxc3 Bxa3 28. Bd4 Rb8 29. Ra1 Bb4 30. Rc1 Kf8 31. Rc6 b5 32. Ra6 Ke8 33. Bb6
Bc3 34. Bc7 Rb7 35. Bd6 Kd7 36. Kf1 a4 37. b4 Bd4 38. Bc5 Bxc5 39. bxc5 Rc7 40.
Rd6+ Ke7 0-1

[Event "Liga Madrid 2009-2010 Division de Honor"]
[Site "Madrid ESP"]
[Date "2009.11.29"]
[Round "2.21"]
[White "Moreno Ruiz, Javier"]
[Black "Gallego Jimenez, Victoriano"]
[Result "1-0"]
[WhiteElo "2459"]
[BlackElo "2421"]
[PlyCount "112"]
[EventDate "2009.11.22"]
[EventType "team"]
[EventRounds "14"]
[EventCountry "ESP"]
[Source "lmi"]
[SourceDate "2009.11.22"]

1. c4 Nf6 2. g3 e5 3. Bg2 d5 4. cxd5 Nxd5 5. Nf3 Nc6 6. O-O Nb6 7. d3 Be7 8.
Nbd2 O-O 9. a3 a5 10. b3 Be6 11. Bb2 f6 12. Qc2 Qd7 13. Rac1 Rfd8 14. Rfd1 Qe8
15. e3 Qf8 16. Ra1 Rd7 17. d4 exd4 18. exd4 Qf7 19. Rac1 a4 20. b4 Qh5 21. Re1
Bd5 22. Re3 Bf8 23. Bf1 Ne7 24. Nh4 c6 25. Ne4 Bb3 26. Qb1 Ned5 27. Ree1 Nf4
28. Nc5 Bxc5 29. dxc5 Nbd5 30. Qf5 Qxf5 31. Nxf5 Ng6 32. Nd4 Ne5 33. f4 Ng4 34.
Nxb3 axb3 35. Bc4 Kf8 36. Bxb3 Rad8 37. Rcd1 Nc7 38. h3 Nh6 39. Rxd7 Rxd7 40.
Rd1 Rxd1+ 41. Bxd1 Nf5 42. Kf2 Ne7 43. Kf3 Ned5 44. Bc2 g6 45. Bb3 Ke7 46. g4
Ke6 47. Ke4 Ke7 48. h4 h6 49. h5 f5+ 50. gxf5 gxh5 51. Be5 Nf6+ 52. Kf3 Ncd5
53. Kg3 Ne4+ 54. Kh4 Nd2 55. Ba2 Nf6 56. Be6 Nf3+ 1-0

[Event "Liga Madrid 2009-2010 Division de Honor"]
[Site "Madrid ESP"]
[Date "2009.11.29"]
[Round "2.22"]
[White "Rojo Huerta, Gabriel"]
[Black "De La Fuente Gonzalez, Francisco"]
[Result "1/2-1/2"]
[WhiteElo "2374"]
[BlackElo "2237"]
[PlyCount "106"]
[EventDate "2009.11.22"]
[EventType "team"]
[EventRounds "14"]
[EventCountry "ESP"]
[Source "lmi"]
[SourceDate "2009.11.22"]

1. d4 d5 2. c4 c6 3. Nf3 Nf6 4. Nc3 e6 5. Qb3 Nbd7 6. Bg5 Be7 7. e3 b6 8. cxd5
exd5 9. Bd3 Bb7 10. O-O O-O 11. Rad1 Ne4 12. Bf4 Ndf6 13. Ne5 Rc8 14. Qc2 Nd6
15. Qe2 c5 16. dxc5 bxc5 17. Ba6 Qb6 18. Bxb7 Qxb7 19. Ng4 Nde4 20. Be5 Nxc3
21. bxc3 Nd7 22. Bf4 f5 23. Ne5 Nxe5 24. Bxe5 Rcd8 25. Qf3 Rd7 26. Rd2 g6 27.
Rfd1 Rfd8 28. c4 d4 29. Qxb7 Rxb7 30. exd4 cxd4 31. g3 Bc5 32. Bxd4 Bxd4 33.
Rxd4 Rxd4 34. Rxd4 Kf7 35. Kg2 Ke6 36. Rd3 Rc7 37. Ra3 Kd6 38. Kf3 Kc5 39. Kf4
Kxc4 40. Kg5 Kb4 41. Rb3+ Ka4 42. Rb2 a5 43. h4 Ka3 44. Rd2 a4 45. h5 gxh5 46.
Kxf5 Rb7 47. f4 Rb2 48. Rxb2 Kxb2 49. Ke4 Kxa2 50. f5 Kb3 51. f6 a3 52. f7 a2
53. f8=Q a1=Q 1/2-1/2

[Event "Liga Madrid 2009-2010 Division de Honor"]
[Site "Madrid ESP"]
[Date "2009.11.29"]
[Round "2.23"]
[White "Sanchez-Alarcos Galian, Victor"]
[Black "Navarro Nicolas, Victor Manuel"]
[Result "0-1"]
[WhiteElo "2149"]
[BlackElo "2228"]
[PlyCount "71"]
[EventDate "2009.11.22"]
[EventType "team"]
[EventRounds "14"]
[EventCountry "ESP"]
[Source "lmi"]
[SourceDate "2009.11.22"]

1. e4 e6 2. d4 d5 3. Nc3 Bb4 4. e5 c5 5. a3 Bxc3+ 6. bxc3 Ne7 7. Qg4 cxd4 8.
Bd3 Qa5 9. Ne2 O-O 10. h4 Nbc6 11. Qg3 f5 12. exf6 Rxf6 13. Bd2 Nf5 14. Bxf5
Rxf5 15. cxd4 Qa6 16. h5 Bd7 17. Rh4 Rf7 18. h6 g6 19. Rg4 Raf8 20. Rxg6+ hxg6
21. Qxg6+ Kh8 22. Bg5 Rh7 23. Bf6+ Rxf6 24. Qxf6+ Kg8 25. Rd1 Qa5+ 26. c3 Qd8
27. Qg6+ Kh8 28. Rd3 Qf8 29. Rh3 Qf5 30. Qg3 Qb1+ 31. Kd2 Rf7 32. Nf4 Kh7 33.
Rh5 Na5 34. Rg5 Nc4+ 35. Ke2 Qc2+ 36. Kf3 0-1

[Event "Liga Madrid 2009-2010 Division de Honor"]
[Site "Madrid ESP"]
[Date "2009.11.29"]
[Round "2.24"]
[White "Blanco Sanjuan, Jorge"]
[Black "Alcaraz Amoros, Antonio"]
[Result "1-0"]
[WhiteElo "2129"]
[BlackElo "2010"]
[PlyCount "39"]
[EventDate "2009.11.22"]
[EventType "team"]
[EventRounds "14"]
[EventCountry "ESP"]
[Source "lmi"]
[SourceDate "2009.11.22"]

1. d4 c6 2. Nf3 d5 3. c4 Nf6 4. Nc3 a6 5. Bf4 Bf5 6. e3 Nbd7 7. Bd3 Bxd3 8.
Qxd3 b5 9. cxd5 cxd5 10. O-O e6 11. Rac1 Nh5 12. Bg5 f6 13. Bh4 g5 14. Bg3 Nxg3
15. fxg3 g4 16. Nd2 f5 17. Nxd5 exd5 18. Qxf5 Qe7 19. Qxd5 Rd8 20. Qh5+ 1-0

[Event "Liga Madrid 2009-2010 Division de Honor"]
[Site "Madrid ESP"]
[Date "2009.11.29"]
[Round "2.25"]
[White "Arauz Alonso, Fernando"]
[Black "Barez Menendez, Hector"]
[Result "1/2-1/2"]
[WhiteElo "2140"]
[BlackElo "2144"]
[PlyCount "29"]
[EventDate "2009.11.22"]
[EventType "team"]
[EventRounds "14"]
[EventCountry "ESP"]
[Source "lmi"]
[SourceDate "2009.11.22"]

1. d4 d5 2. Nf3 e6 3. e3 Nf6 4. Bd3 Be7 5. b3 O-O 6. Bb2 b6 7. Nbd2 Bb7 8. O-O
Nbd7 9. Qe2 Ne4 10. c4 f5 11. cxd5 exd5 12. Rac1 c5 13. Bb5 Rc8 14. Rfd1 Bd6
15. Ne5 1/2-1/2

[Event "Liga Madrid 2009-2010 Division de Honor"]
[Site "Madrid ESP"]
[Date "2009.11.29"]
[Round "2.26"]
[White "Gemy Vargas, Daniel"]
[Black "Sanchez Naranjo, Jose Manuel"]
[Result "1-0"]
[WhiteElo "2169"]
[BlackElo "2090"]
[PlyCount "101"]
[EventDate "2009.11.22"]
[EventType "team"]
[EventRounds "14"]
[EventCountry "ESP"]
[Source "lmi"]
[SourceDate "2009.11.22"]

1. d4 Nf6 2. Nf3 g6 3. g3 Bg7 4. Bg2 O-O 5. O-O d6 6. c4 Nc6 7. d5 Na5 8. Nbd2
c6 9. dxc6 Nxc6 10. e4 Qc7 11. h3 Bd7 12. Qe2 Rac8 13. Rb1 Nb4 14. Ra1 Be6 15.
b3 Nd7 16. Rb1 Nxa2 17. Bb2 Nc3 18. Bxc3 Bxc3 19. Ng5 Nc5 20. b4 Na6 21. Nxe6
fxe6 22. b5 Nc5 23. Nf3 Bf6 24. h4 Na4 25. Bh3 Qd7 26. h5 Nc3 27. Qd3 Nxb1 28.
Rxb1 Rc5 29. hxg6 Qc8 30. Re1 h6 31. e5 dxe5 32. Nd2 Kg7 33. f4 Qd8 34. Qe2
Qd4+ 35. Kh1 exf4 36. Nb3 Qxc4 37. Nxc5 Qxc5 38. gxf4 Qd5+ 39. Bg2 Qf5 40. Qe3
b6 41. Qxe6 Qxb5 42. f5 Qb4 43. Re4 Qd6 44. Qb3 Be5 45. Bh3 Qc6 46. Qf3 Rd8 47.
Bf1 Rd2 48. Be2 Qc1+ 49. Kg2 Bf6 50. Qe3 Bg5 51. Rxe7+ 1-0

[Event "Liga Madrid 2009-2010 Division de Honor"]
[Site "Madrid ESP"]
[Date "2009.11.29"]
[Round "2.32"]
[White "Gallardo Garcia, Andres"]
[Black "Sanchez Gonzalez, Sergio"]
[Result "1/2-1/2"]
[WhiteElo "2418"]
[BlackElo "2322"]
[PlyCount "53"]
[EventDate "2009.11.22"]
[EventType "team"]
[EventRounds "14"]
[EventCountry "ESP"]
[Source "lmi"]
[SourceDate "2009.11.22"]

1. c4 Nf6 2. Nf3 c5 3. Nc3 e6 4. e3 d5 5. d4 cxd4 6. exd4 Nc6 7. cxd5 Nxd5 8.
Bd3 Be7 9. O-O O-O 10. Re1 Bf6 11. Be4 a6 12. a3 Qd6 13. h4 Rd8 14. Ng5 g6 15.
Ne2 e5 16. dxe5 Qxe5 17. Qc2 Bf5 18. Bxf5 Nd4 19. Qc4 Nxe2+ 20. Qxe2 Qxf5 21.
Qf3 Qxf3 22. Nxf3 Rac8 23. Bg5 Bxg5 24. Nxg5 h6 25. Nf3 Nf6 26. Re7 Rd7 27.
Rxd7 1/2-1/2

[Event "Liga Madrid 2009-2010 Division de Honor"]
[Site "Madrid ESP"]
[Date "2009.11.29"]
[Round "2.33"]
[White "Perez Gonzalez, Jose Manuel"]
[Black "Candela Perez, Jose"]
[Result "1/2-1/2"]
[WhiteElo "2332"]
[BlackElo "2416"]
[PlyCount "30"]
[EventDate "2009.11.22"]
[EventType "team"]
[EventRounds "14"]
[EventCountry "ESP"]
[Source "lmi"]
[SourceDate "2009.11.22"]

1. e4 c5 2. Nf3 d6 3. d4 cxd4 4. Nxd4 Nf6 5. Nc3 a6 6. Bc4 b5 7. Bb3 e6 8. Bg5
Be7 9. Qf3 Qc7 10. e5 Bb7 11. exd6 Bxd6 12. Qe3 O-O 13. O-O-O Bc5 14. Kb1 Nbd7
15. Qh3 b4 1/2-1/2

[Event "Liga Madrid 2009-2010 Division de Honor"]
[Site "Madrid ESP"]
[Date "2009.11.29"]
[Round "2.35"]
[White "Fernandez Garcia, Miguel Angel"]
[Black "Prieto Martin, Alfonso"]
[Result "1-0"]
[WhiteElo "2254"]
[BlackElo "2212"]
[PlyCount "97"]
[EventDate "2009.11.22"]
[EventType "team"]
[EventRounds "14"]
[EventCountry "ESP"]
[Source "lmi"]
[SourceDate "2009.11.22"]

1. d4 Nf6 2. c4 e6 3. Nf3 Bb4+ 4. Bd2 Qe7 5. Nc3 Bxc3 6. Bxc3 Ne4 7. Rc1 O-O 8.
e3 b6 9. Be2 Bb7 10. O-O f5 11. Be1 Rf6 12. Nd2 Rg6 13. Nxe4 Bxe4 14. f3 Bb7
15. Bg3 c5 16. dxc5 Qxc5 17. Qd4 Qxd4 18. exd4 Nc6 19. Rfd1 d5 20. c5 Rf6 21.
a3 bxc5 22. Rxc5 Rc8 23. Rdc1 Rff8 24. Bf2 a5 25. Bb5 Nb8 26. Be1 Na6 27. Rxc8
Rxc8 28. Rxc8+ Bxc8 29. Bxa5 Kf7 30. Bd8 Bb7 31. b4 Nb8 32. Bd3 Ke8 33. Bc7 Nc6
34. Bb6 Kd7 35. b5 Ne7 36. a4 Nc8 37. Bc5 Kc7 38. a5 Ba8 39. Kf2 g5 40. Ke1 Kd7
41. g4 fxg4 42. fxg4 h6 43. Bf8 Nd6 44. Bxh6 Nf7 45. Bf8 e5 46. Bf5+ Ke8 47.
Bc5 exd4 48. Bg6 d3 49. a6 1-0

[Event "Liga Madrid 2009-2010 Division de Honor"]
[Site "Madrid ESP"]
[Date "2009.11.29"]
[Round "2.36"]
[White "Nunez Gutierrez, Juan Carlos"]
[Black "Paredes Sanchez, Juan"]
[Result "1/2-1/2"]
[WhiteElo "2101"]
[BlackElo "2200"]
[PlyCount "83"]
[EventDate "2009.11.22"]
[EventType "team"]
[EventRounds "14"]
[EventCountry "ESP"]
[Source "lmi"]
[SourceDate "2009.11.22"]

1. e4 c5 2. Nf3 e6 3. d3 Nc6 4. Nbd2 g6 5. g3 Bg7 6. Bg2 Nge7 7. O-O O-O 8. Nh4
e5 9. a4 d5 10. Nb3 dxe4 11. Bxe4 Qd6 12. f4 Bh3 13. Re1 Rad8 14. Be3 b6 15.
Qd2 Nd5 16. f5 Nxe3 17. Qxe3 Bf6 18. Qh6 Bxh4 19. fxg6 hxg6 20. Qxh4 Be6 21.
Qf6 Bxb3 22. Qxd6 Rxd6 23. Bxc6 Bxc2 24. Bb5 f6 25. Ra3 Rfd8 26. Re3 a5 27. Kf2
Bd1 28. h3 g5 29. g4 Rd4 30. Ke1 Bxg4 31. hxg4 Rxg4 32. Bc4+ Kg7 33. Be6 Rf4
34. Ke2 Rd6 35. Bc4 Rh4 36. b3 g4 37. Kf2 Rd8 38. Ra1 Rh2+ 39. Kg3 Rh3+ 40. Kf2
Rh2+ 41. Kg3 Rh3+ 42. Kf2 1/2-1/2

[Event "Liga Madrid 2009-2010 Division de Honor"]
[Site "Madrid ESP"]
[Date "2009.11.29"]
[Round "2.41"]
[White "Roa Alonso, Santiago"]
[Black "Garcia Luengo, Leandro"]
[Result "1-0"]
[WhiteElo "2412"]
[BlackElo "2308"]
[PlyCount "111"]
[EventDate "2009.11.22"]
[EventType "team"]
[EventRounds "14"]
[EventCountry "ESP"]
[Source "lmi"]
[SourceDate "2009.11.22"]

1. e4 c5 2. Nf3 Nc6 3. d4 cxd4 4. Nxd4 g6 5. Nc3 Bg7 6. Be3 Nf6 7. Bc4 Qa5 8.
O-O O-O 9. Nb3 Qc7 10. Bg5 Na5 11. Nxa5 Qxa5 12. Qd2 Qc5 13. Bb3 d6 14. Rae1
Be6 15. Nd5 Rfe8 16. Bxf6 exf6 17. Re3 Bxd5 18. Qxd5 Qxd5 19. Bxd5 Re7 20. Rb3
Rc8 21. c4 b6 22. g3 f5 23. exf5 gxf5 24. Rf3 Bxb2 25. Rxf5 Kg7 26. Rd1 f6 27.
Rd3 Rce8 28. Kg2 Re5 29. Rf4 f5 30. g4 Rf8 31. Rg3 Bc1 32. Rxf5 Rfxf5 33. gxf5+
Kf6 34. Be6 Rc5 35. Rd3 Bf4 36. Rh3 Rc7 37. Kf3 Bc1 38. Ke4 Bb2 39. Rd3 Rc6 40.
f4 Bc1 41. Rh3 Rc7 42. Rh6+ Kg7 43. Rh5 a6 44. a4 Rc5 45. Rg5+ Kf6 46. Rg8 b5
47. Rf8+ Kg7 48. Rf7+ Kh6 49. Ra7 Bb2 50. Bg8 Bg7 51. Rxa6 bxc4 52. Rxd6+ Kh5
53. f6 Bxf6 54. Rxf6 c3 55. Bf7+ Kg4 56. Rh6 1-0

[Event "Liga Madrid 2009-2010 Division de Honor"]
[Site "Madrid ESP"]
[Date "2009.11.29"]
[Round "2.42"]
[White "Salcedo Tornero, Pablo"]
[Black "Cao Armillas, Jesus"]
[Result "1/2-1/2"]
[WhiteElo "2184"]
[BlackElo "2205"]
[PlyCount "100"]
[EventDate "2009.11.22"]
[EventType "team"]
[EventRounds "14"]
[EventCountry "ESP"]
[Source "lmi"]
[SourceDate "2009.11.22"]

1. e4 c5 2. Nc3 Nc6 3. g3 g6 4. Bg2 Bg7 5. d3 d6 6. Be3 e5 7. Qd2 Be6 8. h4 Nf6
9. f3 Qa5 10. Nh3 h6 11. O-O Nd4 12. a3 Rc8 13. Qf2 O-O 14. Rae1 Qc7 15. Qd2
Kh7 16. Ne2 Nh5 17. Kh2 f5 18. f4 Nf6 19. Nf2 fxe4 20. dxe4 Bg4 21. Ng1 Bd7 22.
c3 Bb5 23. Nd3 Ng4+ 24. Kh1 Nxe3 25. Rxe3 exf4 26. Rxf4 Ne6 27. Rxf8 Rxf8 28.
Rf3 Bc6 29. Rxf8 Nxf8 30. Nf4 Be5 31. Ngh3 Qf7 32. Qe2 Nd7 33. Bf3 Nf6 34. Kg2
Qd7 35. g4 Qf7 36. Qe3 Qc4 37. g5 Nxe4 38. gxh6 Bf6 39. b3 Qxc3 40. Qxc3 Bxc3
41. Ng5+ Nxg5 42. hxg5 Bd2 43. Kg3 Bxf4+ 44. Kxf4 Bxf3 45. Kxf3 d5 46. a4 b6
47. Kf4 a6 48. Ke5 c4 49. bxc4 dxc4 50. Kd4 b5 1/2-1/2

[Event "Liga Madrid 2009-2010 Division de Honor"]
[Site "Madrid ESP"]
[Date "2009.11.29"]
[Round "2.43"]
[White "Cepeda Delgado, Camilo Jose"]
[Black "Piña Sierra, Julia"]
[Result "1-0"]
[WhiteElo "2141"]
[BlackElo "2061"]
[PlyCount "103"]
[EventDate "2009.11.22"]
[EventType "team"]
[EventRounds "14"]
[EventCountry "ESP"]
[Source "lmi"]
[SourceDate "2009.11.22"]

1. d4 Nf6 2. c4 g6 3. Nc3 d5 4. Qb3 c6 5. Nf3 Bg7 6. Bf4 O-O 7. e3 b6 8. cxd5
cxd5 9. Rc1 Bb7 10. h3 Nc6 11. Bd3 Rc8 12. O-O Na5 13. Qa3 a6 14. b3 b5 15. Ne5
Nc6 16. Ne2 Nxe5 17. Bxe5 Qd7 18. Rc5 Ne4 19. Bxg7 Kxg7 20. Bxe4 dxe4 21. Rfc1
e6 22. Qa5 Rxc5 23. dxc5 Rc8 24. Qc3+ f6 25. b4 e5 26. Rc2 Bd5 27. Rd2 Qe6 28.
Qa1 Bc4 29. Rd6 Qe8 30. Qd1 Rc6 31. Rd7+ Kh6 32. Nc3 Bd3 33. Qg4 g5 34. Nd5 Re6
35. c6 Rxc6 36. Ne7 Rc1+ 37. Kh2 Qf8 38. Nf5+ Kg6 39. Nh4+ Kh6 40. Qf5 Qh8 41.
Rd6 gxh4 42. Rxf6+ Qxf6 43. Qxf6+ Kh5 44. Qxe5+ Kg6 45. Qe6+ Kg7 46. Qe7+ Kg6
47. Qxh4 Rc2 48. Qg4+ Kf7 49. Qf5+ Kg7 50. a3 h6 51. h4 Rd2 52. h5 1-0

[Event "Liga Madrid 2009-2010 Division de Honor"]
[Site "Madrid ESP"]
[Date "2009.11.29"]
[Round "2.44"]
[White "Garcia Diaz, Victor"]
[Black "Lorite Cruz, Francisco"]
[Result "1-0"]
[WhiteElo "2095"]
[BlackElo "2073"]
[PlyCount "47"]
[EventDate "2009.11.22"]
[EventType "team"]
[EventRounds "14"]
[EventCountry "ESP"]
[Source "lmi"]
[SourceDate "2009.11.22"]

1. e4 d5 2. exd5 Qxd5 3. Nc3 Qa5 4. Bc4 c6 5. Nf3 Nf6 6. d4 Bf5 7. Ne5 e6 8. g4
Be4 9. Rg1 Bb4 10. Bd2 Bd5 11. Bd3 Nbd7 12. a3 Bxc3 13. bxc3 Nxe5 14. dxe5 Ne4
15. c4 Qc7 16. cxd5 Qxe5 17. Bxe4 exd5 18. Be3 Qc3+ 19. Kf1 dxe4 20. Qd4 Qxd4
21. Bxd4 O-O 22. Re1 Rfe8 23. Rg3 c5 24. Bxc5 1-0

[Event "Liga Madrid 2009-2010 Division de Honor"]
[Site "Madrid ESP"]
[Date "2009.11.29"]
[Round "2.45"]
[White "San Juan Rodriguez, Miguel"]
[Black "De La Rosa Bretin, Adrian"]
[Result "1-0"]
[WhiteElo "2073"]
[BlackElo "1795"]
[PlyCount "45"]
[EventDate "2009.11.22"]
[EventType "team"]
[EventRounds "14"]
[EventCountry "ESP"]
[Source "lmi"]
[SourceDate "2009.11.22"]

1. e4 e5 2. Nf3 Nf6 3. d4 Nxe4 4. Bd3 d5 5. Nxe5 Bd6 6. O-O O-O 7. c4 c6 8.
cxd5 cxd5 9. Nc3 Nf6 10. Nb5 Nc6 11. Nxd6 Qxd6 12. Nxc6 bxc6 13. Qf3 Qb4 14.
Qf4 c5 15. dxc5 Qxc5 16. Be3 Qa5 17. Rfc1 Be6 18. Rc5 Qd8 19. Rac1 Rb8 20. Bd4
Re8 21. a3 Rb7 22. b4 Rd7 23. Bb5 1-0

[Event "Liga Madrid 2009-2010 Division de Honor"]
[Site "Madrid ESP"]
[Date "2009.12.13"]
[Round "3.11"]
[White "Garcia Luengo, Leandro"]
[Black "Almagro Llamas, Pablo"]
[Result "0-1"]
[WhiteElo "2308"]
[BlackElo "2453"]
[PlyCount "84"]
[EventDate "2009.11.22"]
[EventType "team"]
[EventRounds "14"]
[EventCountry "ESP"]
[Source "lmi"]
[SourceDate "2009.11.22"]

1. e4 c6 2. Nc3 d5 3. Nf3 Bg4 4. d4 e6 5. Bd3 Nf6 6. O-O dxe4 7. Nxe4 Nxe4 8.
Bxe4 Nd7 9. h3 Bh5 10. c3 Qc7 11. c4 Nf6 12. Bd3 Be7 13. Be3 O-O 14. Be2 Bd6
15. Qb3 Rfd8 16. Rfd1 b6 17. Bg5 Bf4 18. Bxf4 Qxf4 19. Qe3 Qxe3 20. fxe3 Nd7
21. g4 Bg6 22. Nh4 Rac8 23. Nxg6 hxg6 24. b4 c5 25. Rab1 Rb8 26. a4 Kf8 27. a5
Ke7 28. Bf3 Rdc8 29. bxc5 bxc5 30. Bb7 Rc7 31. Ba6 Rxb1 32. Rxb1 cxd4 33. exd4
e5 34. Re1 Kd6 35. Bb5 exd4 36. Re4 Nf6 37. Rxd4+ Kc5 38. Rd8 Ne4 39. Rd5+ Kb4
40. a6 Nc3 41. Rg5 f6 42. Rxg6 Ne2+ 0-1

[Event "Liga Madrid 2009-2010 Division de Honor"]
[Site "Madrid ESP"]
[Date "2009.12.13"]
[Round "3.12"]
[White "Rubio Mejia, Luis Ignacio"]
[Black "Garcia Pichon, Eduardo"]
[Result "1/2-1/2"]
[WhiteElo "2350"]
[BlackElo "2282"]
[PlyCount "83"]
[EventDate "2009.11.22"]
[EventType "team"]
[EventRounds "14"]
[EventCountry "ESP"]
[Source "lmi"]
[SourceDate "2009.11.22"]

1. Nf3 d5 2. d4 e6 3. c4 c5 4. cxd5 exd5 5. Nc3 Nc6 6. g3 Nf6 7. Bg2 Be7 8. O-O
O-O 9. Bg5 cxd4 10. Nxd4 h6 11. Be3 Re8 12. Qb3 Na5 13. Qc2 Bg4 14. Nf5 Bb4 15.
Bd4 Bxc3 16. Bxc3 Rxe2 17. Qd3 Re8 18. Ne3 Be6 19. Qb5 b6 20. Bxf6 Qxf6 21. b4
Nb7 22. Nxd5 Bxd5 23. Qxd5 Re7 24. Rae1 Rb8 25. Rxe7 Qxe7 26. a3 a5 27. Qd4
axb4 28. axb4 Nd8 29. Rd1 Ne6 30. Qe5 Rd8 31. Rxd8+ Qxd8 32. Bd5 Qc7 33. Qe4
Qd6 34. h4 Kf8 35. Kg2 Nc7 36. Bb3 Ne6 37. Kg1 Qd4 38. Qa8+ Ke7 39. Qb7+ Kf8
40. Qa8+ Ke7 41. Qb7+ Kf8 42. Qa8+ 1/2-1/2